| 000 | 00534nam a2200169 a 4500 | ||
|---|---|---|---|
| 001 | 000013786 | ||
| 005 | 20200929163340.0 | ||
| 008 | 091130s1990 dr 001 0 spa d | ||
| 040 |
_aDO-SdBNP _bspa _cBNPHU |
||
| 082 |
_axxxx _bE799e |
||
| 100 | 1 |
_aEstévez Medina, Arcenio _931277 |
|
| 245 | 1 | 0 |
_aEnfermedades comunes tratadas con plantas medicinales / _cArcenio Estévez Medina. |
| 260 |
_aSanto Domingo : _bEditora Mariel, _c1990. |
||
| 300 |
_a100 p. ; _c22 cm. |
||
| 504 | _aIncluye bibliografía (p. 97 -- 100 ) | ||
| 049 | _aBNPD | ||
| 999 |
_c13398 _d13398 |
||